[Event "Teteven op 31st"]
[Site "Teteven"]
[Date "2016.08.19"]
[Round "7"]
[White "Bakker, Martijn"]
[Black "Karadzhov, Ivan"]
[Result "1-0"]
[WhiteElo "2099"]
[BlackElo "1766"]
[PlyCount "67"]
[EventDate "2016.08.13"]
[EventType "swiss"]
[EventRounds "9"]
[EventCountry "BUL"]
[SourceTitle "CBM 173 Extra"]
[Source "ChessBase"]
[SourceDate "2016.08.29"]
[SourceVersion "1"]
[SourceVersionDate "2016.08.29"]
[SourceQuality "1"]

1. e4 e5 2. Nf3 Nc6 3. d4 exd4 4. c3 dxc3 5. Bc4 d6 6. Nxc3 Nf6 7. Ng5 Ne5 8. Bb5+ c6 9. f4 h6 10. fxe5 hxg5 11. exf6 cxb5 12. Bxg5 gxf6 13. Qd4 Be7 14. Nd5 Rh5 15. Nxf6+ Bxf6 16. Bxf6 Qc7 17. Rd1 Be6 18. Qxd6 Qxd6 19. Rxd6 Kf8 20. 0-0 Kg8 21. Rf3 Kh7 22. Rg3 Rg8 23. Rxg8 Kxg8 24. e5 Rf5 25. Rd4 Kh7 26. g4 Rf3 27. Kg2 Re3 28. h4 a5 29. h5 Bxg4 30. Rxg4 Re2+ 31. Kf3 Rh2 32. Rg7+ Kh6 33. Rg8 Rxh5 34. Kg4 1-0